Brawl Stars: All Super Rare Brawlers - Statistics

General Stats
  • This quiz has been taken 17 times
  • The average score is 9 of 10
Answer Stats
Picture Answer % Correct
8-Bit
100%
Carl
100%
Darryl
91%
Dynamike
91%
Gus
91%
Jacky
91%
Jessie
82%
Penny
82%
Rico
73%
Tick
73%
No matching quizzes found
Score Distribution
Percent of People with Each Score
Percentile by Number Answered
Your Score History
You have not taken this quiz